000 00977nam a2200229 4500
001 145135
003 ES-MaACL
005 20230906201153.0
007 t|
008 070214q1987 sp r ||||1| spa d
100 1 _aSoto Rodríguez, Enrique.
_9107528
245 1 4 _aLos vertebrados fósiles de la Comunidad de Madrid /
_cEnrique Soto Rodríguez, Carmen Seré Benito ; ilustraciones de Miguel García Ramos.
260 _aMadrid :
_bComunidad de Madrid, Consejería de Agricultura y Ganadería , Servicio del Medio Natural,
_c[1987?]
300 _a107 p. :
_bil. ;
_c23 cm.
490 1 _aCuadernos madrileños de la naturaleza
700 1 _aSeré Benito, Carmen.
_9105530
700 1 _aGarcía Ramos, Miguel.
_955159
710 0 0 _aMadrid (Comunidad Autónoma).
_bConsejería de Agricultura y Ganadería. Servicio del Medio Natural.
_95593
830 0 _aCuadernos madrileños de la naturaleza
_9220735
852 _aES-MaACL
_jG-3504
_bR.114846
999 _c145135
_d145135